ASOIAF Last Name Blitz Quiz Stats

 Plays Quiz Updated Feb 14, 2015

Challenge
Share
Tweet
Embed
Score 0/32 Timer 02:00
5 Plays Today
First Name Last Name % Correct
AryaStark
89.2%
TyrionLannister
88.5%
WalderFrey
85.9%
RooseBolton
85.5%
PetyrBaelish
85.1%
SamwellTarly
84.7%
SandorClegane
84.6%
TommenBaratheon
84.6%
DavosSeaworth
83.2%
BarristanSelmy
83%
DaenerysTargaryen
81.3%
JeorMormont
81.2%
IlynPayne
81%
JojenReed
79%
AshaGreyjoy
76.3%
HosterTully
75.6%
First Name Last Name % Correct
MaceTyrell
74.3%
SyrioForel
72.8%
DoranMartell
72.4%
BericDondarrion
70.5%
TormundGiantsbane
67.5%
DaarioNaharis
67.1%
JoryCassel
64.2%
SalladhorSaan
59.9%
VargoHoat
57.2%
Mirri MazDuur
56.1%
WymanManderly
53.3%
OsmundKettleblack
49.7%
ArysOakheart
47.8%
EddisonTollett
46.6%
JaqenH'ghar
40.6%
Yezzan zo Qaggaz
11.8%

You're not logged in!

Compare scores with friends on all Sporcle quizzes.
OR
Log In

You Might Also Like...

Show Comments

Extras

Top Quizzes Today


Score Distribution

Your Account Isn't Verified!

In order to create a playlist on Sporcle, you need to verify the email address you used during registration. Go to your Sporcle Settings to finish the process.

Report this User

Report this user for behavior that violates our Community Guidelines.

Details: